00463pab a2200145 454500008004000000100002100040245008700061260000900148300001300157362000800170650003600178650002500214650002600239773005200265180718b1996 xxu||||| |||| 00| 0 eng d aAyeni, Victor O. aThe internship programme in university level public management education in Africa c1996 ap.89-107 aMar aManagement - Study and teaching aManagement education aPublic administration aInternational Review of Administrative Sciences